University Home | Library Home | Institutional Repository

Infectious diseases ; their evolution and eradication / (Record no. 41879)

MARC details
000 -LEADER
fixed length control field 00750cam1a220025300 4500
001 - CONTROL NUMBER
control field lce00603236
008 - FIXED-LENGTH DATA ELEMENTS--GENERAL INFORMATION
fixed length control field 780509s1967 iluab b 000 0 eng
010 ## - LIBRARY OF CONGRESS CONTROL NUMBER
LC control number 67016103
035 ## - SYSTEM CONTROL NUMBER
System control number (Sirsi) r66621
035 ## - SYSTEM CONTROL NUMBER
System control number AAQ7157
035 ## - SYSTEM CONTROL NUMBER
System control number (DLC) 67016103
035 ## - SYSTEM CONTROL NUMBER
System control number (UPRA)lce00603236
040 ## - CATALOGING SOURCE
Transcribing agency IEN
Modifying agency UPRA
050 0# - LIBRARY OF CONGRESS CALL NUMBER
Classification number RC111
Item number .C62
082 ## - DEWEY DECIMAL CLASSIFICATION NUMBER
Classification number 616.9
100 1# - MAIN ENTRY--PERSONAL NAME
Personal name Cockburn, Aidan.
Linkage A27125.1
245 10 - TITLE STATEMENT
Title Infectious diseases ; their evolution and eradication /
Statement of responsibility, etc. compiled and edited by Aidan Cockburn.
260 ## - PUBLICATION, DISTRIBUTION, ETC.
Place of publication, distribution, etc. Springfield, IL :
Name of publisher, distributor, etc. Thomas,
Date of publication, distribution, etc. [1967]
504 ## - BIBLIOGRAPHY, ETC. NOTE
Bibliography, etc. note Includes bibliographies.
650 #0 - SUBJECT ADDED ENTRY--TOPICAL TERM
Topical term or geographic name entry element Communicable diseases.
Linkage S4928.1
949 ## - LOCAL PROCESSING INFORMATION (OCLC)
a RC111
w LC
i -89173
m MEDICAL
t BOOK
l ON-SHELF
Holdings
Withdrawn status Lost status Source of classification or shelving scheme Damaged status Not for loan Home library Current library Shelving location Total Checkouts Full call number Barcode Date last seen Copy number Price effective from Koha item type
    Library of Congress Classification     Medical Library Medical Library On Shelf   RC111 -89173 08/13/2019 1 08/13/2019 Book
© 2026 - The University of Zambia Library - Koha v25.11